Sony Spider-Man Universe Quiz - Statistics

General Stats
  • This quiz has been taken 40 times
    19 since last reset
  • The average score is 5 of 7
Answer Stats
Release Date Project Type Title % Correct
October 5 2018 Movie Venom
93%
December 13 2024 Movie Kraven The Hunter
86%
February 14 2024 Movie Madame Web
86%
October 25 2024 Movie Venom: The Last Dance
86%
April 1 2022 Movie Morbius
79%
October 1 2021 Movie Venom: Let There Be Carnage
79%
2025 (expected) Series Spider Noir
21%
No matching quizzes found
Score Distribution
Percent of People with Each Score
Percentile by Number Answered
Your Score History
You have not taken this quiz since the last reset